000 00478 a2200169 4500
245 _aMédecine traditionnelle et pharmacopée : contributions aux études ethnobotaniques et floristiques au Mali : rapport présenté à l'ACCT
100 _aAdjanogoun, E. J.
700 _aAké Assi, L.
700 _aFloret, J. J.
260 _c1979
300 _a291 p.
035 _a5030
035 _a9553
999 _c17547
_d17547